Women of Marvel - Statistics

General Stats
  • This quiz has been taken 7 times
  • The average score is 16 of 20
Answer Stats
Picture Answer % Correct
Black Widow - Natasha Romanoff
100%
Captain Marvel - Carol Danvers
100%
Invisible Woman - Sue Storm
100%
Scarlet Witch - Wanda Maximoff
100%
She Hulk - Jennifer Walters
100%
Valkyrie
100%
Hawkeye - Kate Bishop
86%
Rescue - Pepper Potts
86%
The Wasp - Hope Van Dyke
86%
Agatha Harkness
71%
Ghost - Ava Starr
71%
Mighty Thor - Jane Foster
71%
Ms. Marvel - Kamala Khan
71%
Peggy Carter
71%
Shuri
71%
Okoye
57%
Photon - Monica Rambeau
57%
Proxima Midnight
57%
Yelena Belova
57%
Taskmaster - Antonia Dreykov
43%
No matching quizzes found
Score Distribution
Percent of People with Each Score
Percentile by Number Answered
Your Score History
You have not taken this quiz